| 000 | 01463nam a22004337a 4500 | ||
|---|---|---|---|
| 001 | 000102517 | ||
| 003 | CHAP | ||
| 005 | 20241029062659.0 | ||
| 008 | 100803s2007 mx a r 00010 spa d | ||
| 010 | _a98980 | ||
| 011 | _a99952 | ||
| 020 | _a9789680204359 | ||
| 035 | _a110638 | ||
| 040 | _cCHAP | ||
| 082 | 0 | 4 |
_a338.18 _bIn66 |
| 245 | 0 | 0 |
_aInnovación : _bmotor de la competitividad agroalimentaria : políticas y estrategias para que en México ocurra / _c/por Manrrubio Muñoz Rodríguez ...[et al.]. |
| 260 |
_aChapingo, Méx. : _bUACH. CIESTAAM, _c2007. |
||
| 300 |
_a310 p. : _bilus., cuadros. |
||
| 590 |
_aBATCH-UPD _b10 _c20130110 _lUCH01 _h0958 |
||
| 590 |
_aBATCH-UPD _b10 _c20130410 _lUCH01 _h0610 |
||
| 590 |
_aBATCH-UPD _b10 _c20130914 _lUCH01 _h1020 |
||
| 590 |
_aCONVERSION _b10 _c20130109 _lUCH01 _h1355 |
||
| 590 |
_aE5995AHE _b05 _c20150220 _lUCH01 _h0853 |
||
| 650 | 1 | 4 |
_aAgricultura _xInnovaciones tecnológicas. _91565 |
| 650 | 1 | 4 |
_aCompetencia. _926091 |
| 650 | 1 | 4 |
_aDesarrollo rural. _932067 |
| 650 | 1 | 4 |
_aInvestigación. _960221 |
| 650 | 1 | 4 |
_aOrganización. _983533 |
| 650 | 1 | 4 |
_aPobreza. _989463 |
| 650 | 1 | 4 |
_aPolítica tecnológica. _990712 |
| 650 | 1 | 4 |
_aRecursos humanos. _995137 |
| 650 | 1 | 4 |
_aTecnología. _9111937 |
| 700 | 1 |
_aMuñoz Rodríguez, Manrrubio _979670 |
|
| 901 | _aBK | ||
| 911 | _aen proceso | ||
| 942 | _cLIBRO | ||
| 942 | _n0 | ||
| 949 |
_a338.18 In66 _bBC _cUACH _d33724002215347 _eUACH _gI.c/e _h113073 _i110638 _sb |
||
| 999 |
_c98980 _d98980 |
||